El Parc Natural de Sant Llorenç del Munt / text: O. de Bolós .. [et. al.] ; fotos: J. Vilanova O. de Bolós .. [et. al.] ; fotos:
Descripción Física:
52 p. : il. ; 23 cm + 1 map. pleg.
Otros Autores:
Bolòs, Oriol de, 1924-2007
MARC
| LEADER | 00000nam a2200000Ia 4500 | ||
|---|---|---|---|
| 001 | 12799 | ||
| 008 | 160829s9999 xx 000 0 cat d | ||
| 080 | |a C-2-136 | ||
| 245 | |a El Parc Natural de Sant Llorenç del Munt / text: |b O. de Bolós .. [et. al.] ; fotos: |b J. Vilanova | ||
| 260 | |a Girona : |b Servei de Parcs Naturals, Diputació de Barcelona, DL. 1982 | ||
| 300 | |a 52 p. : |b il. ; |c 23 cm + 1 map. pleg. | ||
| 610 | 1 | 0 | |a Parc Natural de Sant Llorenç del Munt i l'Obac (Catalunya) |9 10145 |
| 650 | |a Excursionisme |x Sant Llorenç del Munt i l'Obac |9 27837 | ||
| 700 | 1 | |a Bolòs, Oriol de, |d 1924-2007 |9 22547 | |
| 710 | |a Barcelona (Catalunya : Província). |b Servei de Parcs Naturals |9 53492 | ||
| 901 | |a Arxiu | ||
| 942 | |n 1 | ||
| 952 | |0 0 |1 0 |4 0 |6 C2136 |7 1 |9 41647 |a Arxiu |b Arxiu |d 2016-12-01 |l 0 |o C-2-136 |p 12799 |r 2016-12-01 00:00:00 |w 2016-12-01 |y ARXIU | ||
| 999 | |c 43537 |d 43537 | ||